000
00268nam a22001097a 4500
082
_a
823/AMI
100
_a
Amish
245
_a
Sita WArrior Of Mithila
_b
Ram Chandra Seriesc Book 2
260
_a
Haryana
_b
HarperCollins Publications
_c
2023
650
_a
Novel
942
_c
BK
999
_c
66285
_d
66285